000 00453nam a2200181 a 4500
001 1763019238089
003 YourLibrary
005 20251114111525.0
008 251113s2010##################000#0#eng##
020 _a9781421527758
082 0 4 _a895.635MIY
100 1 _aMiyabe, Miyuki,
_eauthor.
245 1 0 _aThe Book of Heroes :
260 _bHaikasoru,
_c2010.
650 0 _aFiction.
942 _cENGLISH
040 _aYourLibrary
_beng
_cYourLibrary
999 _c597487
_d597487